[Event "Frankfurt Ch 2007"]
[Site "Ffm-Kalbach, LAZ"]
[Date "2007.06.04"]
[Round "5.2"]
[White "Milov, Leonid"]
[Black "Isserman, Ryhor"]
[Result "1-0"]
[WhiteElo "2482"]
[BlackElo "2296"]
[PlyCount "73"]
[EventDate "2007.??.??"]

1. e4 c5 2. Nf3 Nc6 3. d4 cxd4 4. Nxd4 Nf6 5. Nc3 d6 6. Bg5 e6 7. Qd2 a6 8.
O-O-O Bd7 9. f3 h6 10. Be3 h5 11. Kb1 Be7 12. Qf2 Ne5 13. h3 b5 14. f4 Ng6 15.
e5 dxe5 16. fxe5 Nxe5 17. Bf4 Ng6 18. Nc6 Qc8 19. Nxe7 Nxe7 20. Be5 Rh6 21. Bd3
Bc6 22. Rhf1 h4 23. Ne4 Nf5 24. Bxf6 gxf6 25. Qd2 Qc7 26. Rxf5 exf5 27. Bxb5
Rg6 28. Nd6+ Kf8 29. Bxc6 Qxc6 30. Nxf5 Re8 31. Nxh4 Rg5 32. b3 Qe4 33. g4 Rc5
34. Nf5 Rxf5 35. gxf5 Rc8 36. Re1 Qxf5 37. Qh6+ 1-0

[Event "Frankfurt Ch 2007"]
[Site "Ffm-Kalbach, LAZ"]
[Date "2007.06.04"]
[Round "5.3"]
[White "Reschke, Stefan"]
[Black "Sadeghi, Behrang"]
[Result "1-0"]
[WhiteElo "2387"]
[BlackElo "2283"]
[PlyCount "123"]
[EventDate "2007.??.??"]

1. d4 e6 2. c4 Nf6 3. g3 d5 4. Nf3 Be7 5. Bg2 O-O 6. Nbd2 b6 7. O-O Bb7 8. b3
Nbd7 9. Bb2 c5 10. Rc1 Rc8 11. a3 a6 12. dxc5 bxc5 13. cxd5 exd5 14. Nh4 g6 15.
Qc2 Qb6 16. e3 Rfe8 17. Rfd1 Bf8 18. Bh3 Rcd8 19. Nhf3 Bg7 20. b4 cxb4 21. Bd4
Qd6 22. Qc7 Qxc7 23. Rxc7 Bc8 24. axb4 Ne5 25. Nxe5 Bxh3 26. Nxf7 Rc8 27. Ra7
Ra8 28. Ng5 Rxa7 29. Bxa7 Bf5 30. Ngf3 Bg4 31. Rc1 Ne4 32. Nxe4 dxe4 33. Nd2
Be2 34. Nb3 Bf8 35. Bc5 Bg7 36. Bb6 Bf8 37. Nd4 Bd3 38. Nc6 Bb5 39. Bd4 Bxc6
40. Rxc6 Bxb4 41. Rxa6 Bf8 42. Ra7 Rc8 43. g4 Re8 44. Kg2 Be7 45. Rd7 Bf8 46.
Kg3 Re6 47. g5 Bd6+ 48. Kg2 Be7 49. h4 Bf8 50. Kg3 Bd6+ 51. Kg4 Be7 52. Rb7 Bf8
53. Kh3 Be7 54. Rb8+ Kf7 55. Rh8 Bf8 56. Rxh7+ Ke8 57. Kg4 Be7 58. h5 gxh5+ 59.
Kxh5 Rc6 60. g6 Rc1 61. Rh8+ Kd7 62. g7 1-0

[Event "Frankfurt Ch 2007"]
[Site "Ffm-Kalbach, LAZ"]
[Date "2007.06.04"]
[Round "5.4"]
[White "Schwenkreis, Thomas"]
[Black "Klundt, Klaus"]
[Result "0-1"]
[WhiteElo "2054"]
[BlackElo "2378"]
[PlyCount "122"]
[EventDate "2007.??.??"]

1. Nf3 Nf6 2. b3 g6 3. Bb2 Bg7 4. e3 O-O 5. Be2 d6 6. O-O e5 7. d3 Nc6 8. Nbd2
Be6 9. c4 h6 10. Qc2 a5 11. a3 Nh7 12. d4 exd4 13. Nxd4 Nxd4 14. Bxd4 Bxd4 15.
exd4 Re8 16. Rfe1 Nf6 17. Bd3 Kg7 18. d5 Bd7 19. Qc3 b6 20. Kf1 Kh7 21. Rxe8
Nxe8 22. Re1 Qf6 23. Qc2 Kg7 24. Ne4 Qd4 25. Nc3 Nf6 26. Ne2 Qh4 27. h3 Re8 28.
Qc3 Kg8 29. Kg1 Nh7 30. Rd1 Ng5 31. Ng3 h5 32. Bf1 Qf4 33. Rd4 Qf6 34. Qd3 h4
35. Ne4 Qe7 36. Nxg5 Qxg5 37. f4 Qe7 38. Qd2 Bf5 39. Kf2 Qf6 40. Be2 Bc2 41.
Bd1 Re4 42. Rxe4 Bxe4 43. Bf3 Bf5 44. a4 Qa1 45. Bd1 Qb1 46. Qe2 Qc1 47. Qf3
Qd2+ 48. Kg1 Kg7 49. Be2 Qe1+ 50. Kh2 Bc2 51. Qe3 Qg3+ 52. Qxg3 hxg3+ 53. Kxg3
Bxb3 54. Kf2 Bxa4 55. Ke3 Bb3 56. Kd4 Kf6 57. Kc3 Ba4 58. h4 Kf5 59. g3 Ke4 60.
Bd3+ Kf3 61. f5 Be8 0-1

[Event "Frankfurt Ch 2007"]
[Site "Ffm-Kalbach, LAZ"]
[Date "2007.06.04"]
[Round "5.5"]
[White "Legde, Georg"]
[Black "Hoti, Safet"]
[Result "1-0"]
[WhiteElo "2353"]
[BlackElo "1952"]
[PlyCount "75"]
[EventDate "2007.??.??"]

1. d4 Nf6 2. Bg5 e6 3. Nf3 d5 4. c4 Bb4+ 5. Nc3 O-O 6. e3 h6 7. Bh4 c5 8. cxd5
exd5 9. Qc2 cxd4 10. Nxd4 Nc6 11. O-O-O Bxc3 12. Qxc3 Ne4 13. Bxd8 Nxc3 14.
bxc3 Rxd8 15. Be2 Ne5 16. Rd2 Bg4 17. f3 Bd7 18. Nc2 Be6 19. Rhd1 Rdc8 20. Kb2
Rc5 21. Nb4 Nc4+ 22. Bxc4 dxc4 23. Nd5 Re8 24. Nf4 Rb5+ 25. Ka3 g5 26. Rd8 Kf8
27. Nxe6+ fxe6 28. Rxe8+ Kxe8 29. Rd4 Ra5+ 30. Kb2 Rc5 31. h4 Ke7 32. Rg4 b5
33. hxg5 hxg5 34. a4 a6 35. Ka3 Rd5 36. axb5 axb5 37. Kb4 Rd3 38. Rxg5 1-0

[Event "Frankfurt Ch 2007"]
[Site "Ffm-Kalbach, LAZ"]
[Date "2007.06.04"]
[Round "5.6"]
[White "Rubel, Julian"]
[Black "Schlamp, Robert"]
[Result "0-1"]
[WhiteElo "2125"]
[BlackElo "2302"]
[PlyCount "74"]
[EventDate "2007.??.??"]

1. d4 e6 2. c4 Nf6 3. Nf3 d5 4. Bg5 Be7 5. e3 O-O 6. Nc3 b6 7. Bxf6 Bxf6 8.
cxd5 exd5 9. Rc1 c6 10. Bd3 Re8 11. O-O Nd7 12. e4 Nf8 13. e5 Be7 14. Qc2 g6
15. Nd1 Bg4 16. Ne1 Bd7 17. Qd2 Ne6 18. Bb1 c5 19. Nf3 Bb5 20. Re1 cxd4 21.
Nxd4 Nxd4 22. Qxd4 Bc5 23. Rxc5 bxc5 24. Qxc5 Qb6 25. Qxd5 Rad8 26. Qf3 Qd4 27.
Nc3 Rxe5 28. Rxe5 Qxe5 29. h3 Bc4 30. Qb7 Qe1+ 31. Kh2 Qxf2 32. Ne4 Qd4 33. Qc7
Be6 34. Qe7 Qe5+ 35. Ng3 Rd7 36. Qe8+ Kg7 37. Be4 h5 0-1

[Event "Frankfurt Ch 2007"]
[Site "Ffm-Kalbach, LAZ"]
[Date "2007.06.04"]
[Round "5.7"]
[White "Syed, Tareq"]
[Black "Telljohann, Sven"]
[Result "0-1"]
[WhiteElo "2101"]
[BlackElo "2419"]
[PlyCount "78"]
[EventDate "2007.??.??"]

1. e4 c5 2. d3 g6 3. g3 Bg7 4. Bg2 Nc6 5. Nh3 d6 6. f4 h5 7. Nf2 e5 8. c3 Nf6
9. h3 Rb8 10. a4 Nh7 11. O-O h4 12. g4 exf4 13. Bxf4 Nf8 14. Na3 Ne6 15. Be3
Be5 16. Nc4 Bf4 17. Bxf4 Nxf4 18. d4 cxd4 19. cxd4 Nxd4 20. e5 dxe5 21. Ne4 O-O
22. Nxe5 Nxg2 23. Nf6+ Kg7 24. Kxg2 b6 25. Qd3 Bb7+ 26. Kg1 Qd6 27. Nfd7 Rbe8
28. Rf6 Ne2+ 29. Kh2 Qxd3 30. Nxd3 Ng3 31. N3e5 Re7 32. g5 Rd8 33. Rd1 Ne4 34.
Rxf7+ Rxf7 35. Nxf7 Kxf7 36. Ne5+ Ke8 37. Re1 Rd2+ 38. Kg1 Kd8 39. Nxg6 Nxg5
0-1

[Event "Frankfurt Ch 2007"]
[Site "Ffm-Kalbach, LAZ"]
[Date "2007.06.04"]
[Round "5.8"]
[White "Schreiner, Roland"]
[Black "Solonar, Stefan"]
[Result "1-0"]
[WhiteElo "1970"]
[BlackElo "2345"]
[PlyCount "78"]
[EventDate "2007.??.??"]

1. d4 g6 2. e4 Bg7 3. c3 c6 4. f4 d5 5. e5 Nh6 6. Nf3 O-O 7. Bd3 f6 8. O-O Bf5
9. Bxf5 Nxf5 10. g4 Nh6 11. h3 Nf7 12. Qd3 fxe5 13. fxe5 Qb6 14. Kh1 c5 15. b3
cxd4 16. cxd4 Nc6 17. Be3 Rac8 18. Nc3 e6 19. Na4 Qd8 20. Nc5 Qe7 21. Rac1 b6
22. Na4 Qa3 23. Qb5 Qxa2 24. Rxc6 a6 25. Qxb6 Qe2 26. Qxa6 Qxf1+ 27. Qxf1 Rxc6
28. Nc5 Rxc5 29. dxc5 Nxe5 30. c6 Nxc6 31. Qe2 e5 32. Bc5 Rf6 33. b4 e4 34. Nd4
Ne5 35. Qb5 Nd3 36. Qe8+ Bf8 37. Bxf8 Rxf8 38. Qe6+ Kg7 39. Qe7+ Kg8 1-0

[Event "Frankfurt Ch 2007"]
[Site "Ffm-Kalbach, LAZ"]
[Date "2007.06.04"]
[Round "5.9"]
[White "Henrich, Thomas"]
[Black "Janotta, Steffi"]
[Result "0-1"]
[WhiteElo "2179"]
[BlackElo "2028"]
[PlyCount "158"]
[EventDate "2007.??.??"]

1. d4 d5 2. c4 c6 3. Nf3 Nf6 4. Nc3 dxc4 5. a4 Bf5 6. e3 e6 7. Bxc4 Bb4 8. O-O
O-O 9. Nh4 Bg6 10. Qb3 Qa5 11. Nxg6 hxg6 12. Na2 Bd6 13. Bxe6 Qc7 14. Bh3 Bxh2+
15. Kh1 g5 16. Qd1 Bd6 17. Qf3 Re8 18. Nc3 Qe7 19. Bd2 Nbd7 20. e4 g4 21. Bxg4
Nxg4 22. Qxg4 Nf6 23. Qh3 Nxe4 24. Rad1 Qf6 25. Kg1 Nxd2 26. Rxd2 Re6 27. d5
cxd5 28. Rxd5 Rae8 29. Qd3 Qh6 30. Qh3 Qxh3 31. gxh3 Rg6+ 32. Kh1 Bb4 33. Na2
Re4 34. Rc1 Rh4 35. Rc8+ Kh7 36. Rd3 Ba5 37. b3 Rf4 38. Rc2 Bb6 39. Nc3 Rxf2
40. Rxf2 Bxf2 41. Ne4 Bh4 42. Nd6 Rg3 43. Rxg3 Bxg3 44. Nxb7 Kg6 45. Kg2 Be1
46. Nd8 f5 47. Nc6 a5 48. Ne5+ Kf6 49. Nd3 Bc3 50. h4 g5 51. hxg5+ Kxg5 52. Kf3
Kf6 53. Ke3 Ke6 54. Nc1 f4+ 55. Ke4 Kd6 56. Ne2 Bd2 57. Nd4 Kc5 58. Nf3 Be3 59.
Kd3 Kb4 60. Kc2 Kc5 61. Ne1 Kd4 62. Nf3+ Ke4 63. Ng5+ Kf5 64. Nf3 Ke4 65. Ng5+
Kf5 66. Nf3 Kg4 67. Ne5+ Kg3 68. Kd3 f3 69. Nc4 Ba7 70. Nd2 f2 71. Ke2 Kg2 72.
Nf1 Bc5 73. Nd2 Bf8 74. Nf1 Bh6 75. b4 axb4 76. a5 Bf8 77. Nd2 b3 78. a6 Bc5
79. Kd3 b2 0-1

[Event "Frankfurt Ch 2007"]
[Site "Ffm-Kalbach, LAZ"]
[Date "2007.06.04"]
[Round "5.10"]
[White "Kayser, Felix"]
[Black "Behnick, Eckhard"]
[Result "1-0"]
[WhiteElo "2194"]
[BlackElo "2169"]
[PlyCount "39"]
[EventDate "2007.??.??"]

1. e4 c5 2. Nc3 Nc6 3. f4 e6 4. Nf3 d5 5. Bb5 Nf6 6. Ne5 Bd7 7. Nxd7 Qxd7 8.
Qe2 O-O-O 9. d3 a6 10. Bxc6 Qxc6 11. Bd2 h5 12. a4 dxe4 13. dxe4 Rd4 14. e5 Ne4
15. O-O-O Nxc3 16. Bxc3 Rxa4 17. b3 Re4 18. Qf3 g6 19. Kb2 Kc7 20. Rd6 1-0

[Event "Frankfurt Ch 2007"]
[Site "Ffm-Kalbach, LAZ"]
[Date "2007.06.04"]
[Round "5.11"]
[White "Diekmann, HanJo"]
[Black "Zuyev, Igor"]
[Result "1-0"]
[WhiteElo "2199"]
[BlackElo "2172"]
[PlyCount "83"]
[EventDate "2007.??.??"]

1. Nf3 c5 2. g3 g6 3. Bg2 Nc6 4. O-O Bg7 5. e4 Nf6 6. Nc3 O-O 7. d3 d6 8. h3
Bd7 9. Be3 Qb6 10. Rb1 e5 11. b4 Nd4 12. bxc5 Qxc5 13. Bxd4 exd4 14. Ne2 b6 15.
Nfxd4 Qa5 16. Nb3 Qxa2 17. e5 dxe5 18. Bxa8 Rxa8 19. Ra1 Qb2 20. Qd2 Rc8 21.
Rfc1 Bxh3 22. Rxa7 Be6 23. Na1 Ng4 24. Qe1 Qb5 25. c4 Qc6 26. Nc3 Ra8 27. Rxa8+
Qxa8 28. Nc2 Bh6 29. Rb1 Qb7 30. Qe4 Qc8 31. Qf3 Qc7 32. Nb4 Qa7 33. Nbd5 Bg5
34. Rxb6 h5 35. c5 Bd8 36. Rd6 Qa5 37. c6 Bc7 38. Nxc7 Qxc7 39. Nb5 Qe7 40. c7
Kg7 41. Rxe6 Qxe6 42. Nd6 1-0

[Event "Frankfurt Ch 2007"]
[Site "Ffm-Kalbach, LAZ"]
[Date "2007.06.04"]
[Round "5.12"]
[White "Biegel, Thomas"]
[Black "Minor, Samuel"]
[Result "1/2-1/2"]
[WhiteElo "2054"]
[BlackElo "2137"]
[PlyCount "35"]
[EventDate "2007.??.??"]

1. d4 f5 2. Nf3 d6 3. Nc3 Nf6 4. Bg5 Nbd7 5. Qd3 g6 6. e4 fxe4 7. Nxe4 Nxe4 8.
Qxe4 Bg7 9. O-O-O Nf6 10. Qe3 h6 11. Bxf6 Bxf6 12. Bd3 Kf7 13. h4 Bg4 14. Bxg6+
Kxg6 15. Qe4+ Kh5 16. Qd5+ Kg6 17. Qe4+ Kh5 18. Nh2 1/2-1/2

[Event "Frankfurt Ch 2007"]
[Site "Ffm-Kalbach, LAZ"]
[Date "2007.06.04"]
[Round "5.13"]
[White "Krüger, Till"]
[Black "Svitek, Volker"]
[Result "1-0"]
[WhiteElo "2048"]
[BlackElo "2133"]
[PlyCount "85"]
[EventDate "2007.??.??"]

1. e4 c5 2. Nf3 Nc6 3. Bb5 g6 4. O-O Bg7 5. c3 e5 6. h3 Nge7 7. d3 O-O 8. a4 d6
9. Be3 h6 10. d4 cxd4 11. cxd4 f5 12. dxe5 fxe4 13. Bxc6 Nxc6 14. Qd5+ Kh7 15.
Qxe4 Bf5 16. Qd5 dxe5 17. Nc3 Nd4 18. Nd2 Qe7 19. Bxd4 exd4 20. Rfe1 Qb4 21.
Qb5 Qd6 22. Nce4 Qd8 23. Rad1 Bd7 24. Qb4 a5 25. Qb3 Bc6 26. Nf3 Rf4 27. Nfd2
Qf8 28. f3 Re8 29. Nf2 Re3 30. Rxe3 dxe3 31. Qxe3 Bxa4 32. b3 Bc6 33. Nde4 Rf7
34. Ng4 Qb4 35. Kh1 Re7 36. Nef6+ Bxf6 37. Qxh6+ Kg8 38. Qxg6+ Bg7 39. Nf6+ Kf8
40. Nh7+ Kg8 41. Nf6+ Kf8 42. Rd8+ Be8 43. Rxe8+ 1-0

[Event "Frankfurt Ch 2007"]
[Site "Ffm-Kalbach, LAZ"]
[Date "2007.06.04"]
[Round "5.14"]
[White "Kabir, Razaul"]
[Black "Bischoff, Ulrich"]
[Result "1-0"]
[WhiteElo "2101"]
[BlackElo "2090"]
[PlyCount "75"]
[EventDate "2007.??.??"]

1. e4 e5 2. Nf3 Nf6 3. Nxe5 d6 4. Nf3 Nxe4 5. Nc3 Nxc3 6. dxc3 Be7 7. Be3 O-O
8. Qd2 Nc6 9. O-O-O Bf6 10. h3 Ne5 11. Nd4 Nc6 12. g4 Nxd4 13. cxd4 d5 14. g5
Be7 15. Bd3 Be6 16. c3 Qd7 17. Qc2 g6 18. h4 Bd6 19. h5 Rae8 20. Rh4 Bf5 21.
Bxf5 Qxf5 22. Qxf5 gxf5 23. Rdh1 Re4 24. R4h3 Rfe8 25. Rf3 f4 26. Bd2 f6 27.
Rg1 fxg5 28. Rxg5+ Kf7 29. Rxd5 Rg8 30. Kc2 Ke6 31. Rb5 a6 32. Rxb7 Kf5 33. Rd3
Re2 34. f3 Rgg2 35. c4 Kg5 36. c5 Be7 37. Rxc7 Kxh5 38. d5 1-0

[Event "Frankfurt Ch 2007"]
[Site "Ffm-Kalbach, LAZ"]
[Date "2007.06.04"]
[Round "5.15"]
[White "Orwatsch, Gerhard"]
[Black "Hierling, Stefan"]
[Result "1/2-1/2"]
[WhiteElo "2082"]
[BlackElo "1891"]
[PlyCount "123"]
[EventDate "2007.??.??"]

1. Nf3 Nf6 2. c4 d5 3. cxd5 Qxd5 4. Nc3 Qa5 5. g3 c6 6. Bg2 g6 7. O-O Bg7 8. d4
O-O 9. Bd2 Nbd7 10. e4 Qd8 11. Qe2 Nb6 12. Rfd1 Bg4 13. Be3 e6 14. h3 Bxf3 15.
Bxf3 Re8 16. a4 a5 17. Bg2 Rc8 18. h4 h6 19. Ra3 Re7 20. Rb3 Na8 21. g4 Rd7 22.
g5 Nh7 23. e5 hxg5 24. hxg5 Nxg5 25. Bxg5 Qxg5 26. Ne4 Qe7 27. Nd6 Rcd8 28. Qe1
Rxd6 29. exd6 Rxd6 30. Qxa5 Rd8 31. Qa7 Qg5 32. Rxb7 Qf4 33. Rd7 Rf8 34. Qc5
Rc8 35. b4 Bf8 36. Qe5 Qg4 37. f3 Qh4 38. Qe1 Qg5 39. a5 Nc7 40. Qe5 Qxe5 41.
dxe5 Bxb4 42. Rd8+ Rxd8 43. Rxd8+ Kg7 44. Rd6 Bxa5 45. Rxc6 Nd5 46. Kf2 Bd2 47.
Rc2 Bf4 48. Re2 g5 49. Bf1 Ne7 50. Re1 Ng6 51. Bd3 Nxe5 52. Bb1 f5 53. Rd1 Kf6
54. Rd8 Ke7 55. Ra8 Nc4 56. Ba2 Nd6 57. Ra7+ Kf6 58. Ra6 g4 59. fxg4 fxg4 60.
Kg2 Be5 61. Bb3 Kf5 62. Ba2 1/2-1/2

[Event "Frankfurt Ch 2007"]
[Site "Ffm-Kalbach, LAZ"]
[Date "2007.06.04"]
[Round "5.16"]
[White "Schöne, Matthias"]
[Black "Klyszcz, Michael"]
[Result "0-1"]
[WhiteElo "2025"]
[BlackElo "2037"]
[PlyCount "92"]
[EventDate "2007.??.??"]

1. e4 d5 2. exd5 Nf6 3. d4 Nxd5 4. Nf3 Bg4 5. c4 Nb6 6. c5 Nd5 7. Qb3 Bc8 8.
Nc3 e6 9. Nxd5 exd5 10. Bd3 Be7 11. O-O O-O 12. Bc2 Nc6 13. h3 Bf6 14. Rd1 b6
15. cxb6 axb6 16. Bxh7+ Kxh7 17. Qc2+ Kg8 18. Qxc6 Ra5 19. Bf4 Ra7 20. a3 Ba6
21. Re1 Qa8 22. Qc2 Rc8 23. Be5 Bxe5 24. dxe5 c5 25. Ng5 g6 26. e6 f5 27. h4 d4
28. Re5 Rg7 29. Rae1 Re8 30. Qd2 Qd8 31. Qf4 Bd3 32. Nf7 Qb8 33. Qh6 Rh7 34.
Qxg6+ Rg7 35. Nh6+ Kh8 36. Qf6 Qa8 37. Nf7+ Kg8 38. Ng5 Qc6 39. f3 Bc2 40. R5e3
dxe3 41. Rxe3 Ree7 42. h5 Qd6 43. h6 Qd4 44. h7+ Rxh7 45. Nxh7 Qxe3+ 46. Kh2
Rxh7+ 0-1

[Event "Frankfurt Ch 2007"]
[Site "Ffm-Kalbach, LAZ"]
[Date "2007.06.04"]
[Round "5.17"]
[White "Tierling, Detlef"]
[Black "Benninger, Rudolf"]
[Result "0-1"]
[WhiteElo "2042"]
[BlackElo "2130"]
[PlyCount "66"]
[EventDate "2007.??.??"]

1. b3 c5 2. Bb2 Nc6 3. e3 e5 4. c4 g6 5. Nc3 Bg7 6. Bd3 Nge7 7. Rc1 O-O 8. h4
d5 9. h5 d4 10. Ne4 f5 11. Nxc5 dxe3 12. dxe3 Qa5+ 13. Kf1 Qxc5 14. hxg6 hxg6
15. Qe1 f4 16. e4 Be6 17. a3 a5 18. Rc3 Kf7 19. Be2 Rh8 20. Nh3 Bf6 21. Rg1 g5
22. Rd3 g4 23. Rd5 Bxd5 24. exd5 gxh3 25. gxh3 Nd4 26. Bg4 Nef5 27. Qe4 Nd6 28.
Qb1 Nxb3 29. Be6+ Ke7 30. Rg7+ Bxg7 31. Qg6 Qxc4+ 32. Kg1 Bf6 33. Qg4 Nd2 0-1

[Event "Frankfurt Ch 2007"]
[Site "Ffm-Kalbach, LAZ"]
[Date "2007.06.04"]
[Round "5.18"]
[White "Schell, Walter"]
[Black "Hausmann, Hans-Ulrich"]
[Result "1-0"]
[WhiteElo "2139"]
[BlackElo "1966"]
[PlyCount "33"]
[EventDate "2007.??.??"]

1. d4 e6 2. c4 b6 3. d5 Ba6 4. Qa4 exd5 5. cxd5 Qe7 6. Bd2 Nf6 7. Nc3 Bb7 8. e4
Nxd5 9. O-O-O Nxc3 10. Bxc3 Qg5+ 11. Kb1 Bc6 12. Qc2 Be7 13. Nf3 Qh6 14. Nd4
Qg5 15. Nf5 Bf6 16. h4 Qg6 17. e5 1-0

[Event "Frankfurt Ch 2007"]
[Site "Ffm-Kalbach, LAZ"]
[Date "2007.06.04"]
[Round "5.19"]
[White "Kolker, Vladislav"]
[Black "Rasche, Hannes"]
[Result "1-0"]
[WhiteElo "2112"]
[BlackElo "2009"]
[PlyCount "71"]
[EventDate "2007.??.??"]

1. e4 e6 2. d3 d5 3. Nd2 dxe4 4. dxe4 Bc5 5. Ngf3 Nc6 6. c3 Nge7 7. Be2 O-O 8.
O-O e5 9. b4 Bd6 10. Nc4 a6 11. a4 Bg4 12. h3 Bxf3 13. Bxf3 Ng6 14. Ba3 b5 15.
axb5 axb5 16. Qd5 Nf4 17. Qxc6 bxc4 18. Qxc4 Qg5 19. Kh2 Qf6 20. Bg4 h5 21. Be2
Qg6 22. g3 Ne6 23. Bf3 Ng5 24. Bg2 Ra7 25. Bb2 Rxa1 26. Bxa1 h4 27. Bb2 Qf6 28.
Qe2 Ne6 29. Bc1 Ra8 30. Be3 Ra3 31. Qb2 Ra8 32. c4 Rb8 33. b5 Nc5 34. Qd2 Qe6
35. Qd5 Qf6 36. Bxc5 1-0

[Event "Frankfurt Ch 2007"]
[Site "Ffm-Kalbach, LAZ"]
[Date "2007.06.04"]
[Round "5.20"]
[White "Kreiling, Carsten"]
[Black "Koch, Ulrich"]
[Result "1-0"]
[WhiteElo "2140"]
[BlackElo "1839"]
[PlyCount "100"]
[EventDate "2007.??.??"]

1. d4 d5 2. c4 c6 3. Nf3 Nf6 4. Nc3 e6 5. Bg5 Be7 6. e3 Nbd7 7. cxd5 exd5 8.
Qc2 O-O 9. Bd3 Re8 10. O-O Nf8 11. Rab1 Bg4 12. Nd2 Bh5 13. b4 Bg6 14. Bxf6
Bxf6 15. b5 Rc8 16. bxc6 bxc6 17. Nb3 Ne6 18. Na4 Be7 19. Bxg6 hxg6 20. Nac5
Bxc5 21. Nxc5 Nxc5 22. Qxc5 Qe7 23. Rfc1 Qxc5 24. Rxc5 Rc7 25. h4 f5 26. Rbc1
Rec8 27. Kh2 Kf7 28. Kg3 Ke6 29. Kf4 Kf6 30. R1c2 Ke6 31. Kg5 Kd6 32. g3 Rf8
33. Kxg6 Rf6+ 34. Kg5 Rf8 35. Rc1 Rf6 36. R5c2 Rf8 37. Rb1 Re7 38. Kf4 Re4+ 39.
Kf3 Re7 40. Rb3 Rc7 41. Kf4 Re7 42. a4 Re4+ 43. Kf3 Re7 44. a5 Rff7 45. a6 Rc7
46. Kf4 Rce7 47. Rcb2 c5 48. dxc5+ Kxc5 49. Rb7 Kc6 50. Rxe7 Rxe7 1-0

[Event "Frankfurt Ch 2007"]
[Site "Ffm-Kalbach, LAZ"]
[Date "2007.06.04"]
[Round "5.21"]
[White "Fischer, Arthur"]
[Black "Kästle, Rainer"]
[Result "1-0"]
[WhiteElo "2074"]
[BlackElo "1980"]
[PlyCount "23"]
[EventDate "2007.??.??"]

1. e4 e6 2. d4 d5 3. Nc3 Nf6 4. Bg5 dxe4 5. Nxe4 Nbd7 6. Nf3 Be7 7. Bxf6 Nxf6
8. Bd3 O-O 9. Qe2 a6 10. O-O-O b5 11. Nxf6+ Bxf6 12. Qe4 1-0

[Event "Frankfurt Ch 2007"]
[Site "Ffm-Kalbach, LAZ"]
[Date "2007.06.04"]
[Round "5.22"]
[White "Djakow, Alexander"]
[Black "Henzner, Reiner"]
[Result "0-1"]
[WhiteElo "1813"]
[BlackElo "2111"]
[PlyCount "76"]
[EventDate "2007.??.??"]

1. d4 Nf6 2. c4 g6 3. Nf3 Bg7 4. e3 O-O 5. Bd3 c5 6. O-O cxd4 7. exd4 d5 8. Nc3
Bg4 9. Re1 Nc6 10. Be2 dxc4 11. d5 Nb4 12. Bxc4 Bxf3 13. gxf3 Rc8 14. Bb3 Nh5
15. a3 Na6 16. Bd2 Nc5 17. Bc2 e6 18. dxe6 Nxe6 19. Be4 Nhf4 20. Bxf4 Nxf4 21.
Qxd8 Rfxd8 22. Rad1 Bxc3 23. Rxd8+ Rxd8 24. bxc3 b6 25. Kf1 Rd2 26. Bb1 Kf8 27.
Re4 Rd1+ 28. Re1 Rd6 29. Re4 g5 30. Rd4 Rh6 31. Bf5 Rxh2 32. Ke1 h5 33. Rd8+
Ke7 34. Ra8 Kf6 35. Be4 h4 36. Rxa7 h3 37. Ra6 Rg2 38. Rxb6+ Kg7 0-1

[Event "Frankfurt Ch 2007"]
[Site "Ffm-Kalbach, LAZ"]
[Date "2007.06.04"]
[Round "5.23"]
[White "Kolompar, Josef"]
[Black "Graebner, Walter"]
[Result "0-1"]
[WhiteElo "2014"]
[BlackElo "2049"]
[PlyCount "120"]
[EventDate "2007.??.??"]

1. e4 c6 2. d4 d5 3. Nc3 dxe4 4. Nxe4 Bf5 5. Ng3 Bg6 6. Nf3 Nd7 7. Nh4 e6 8.
Nxg6 hxg6 9. Be3 Ngf6 10. c3 Bd6 11. Bd3 Qc7 12. Qf3 O-O-O 13. O-O-O Kb8 14.
Kb1 e5 15. Bc4 exd4 16. cxd4 Nb6 17. Bb3 Nbd5 18. Bg5 Rde8 19. h4 Qd7 20. Rhe1
Rxe1 21. Rxe1 Re8 22. Rxe8+ Qxe8 23. Bd2 Kc7 24. a3 Qe6 25. Ka2 Qg4 26. Qxg4
Nxg4 27. Ne4 Kd7 28. f3 Ngf6 29. g4 Ke7 30. Kb1 Bf4 31. Bxf4 Nxf4 32. Ng5 N6d5
33. Kc2 Ng2 34. h5 gxh5 35. gxh5 Ngf4 36. Ne4 Nxh5 37. Nc5 b6 38. Nd3 f6 39.
Kd2 g5 40. Ke2 Nhf4+ 41. Nxf4 Nxf4+ 42. Ke3 f5 43. Bg8 Kf6 44. Bc4 Ke7 45. Bg8
Kd6 46. Bb3 a5 47. Bc2 Nd5+ 48. Kf2 Ne7 49. Ke3 c5 50. dxc5+ Kxc5 51. Bd3 Kd5
52. Ba6 Ke5 53. Be2 Nd5+ 54. Kf2 Kf4 55. Bb5 Ne3 56. Be2 Nc2 57. Bd3 Nd4 58.
Bb1 Nxf3 59. Bxf5 Kxf5 60. Kxf3 a4 0-1

[Event "Frankfurt Ch 2007"]
[Site "Ffm-Kalbach, LAZ"]
[Date "2007.06.04"]
[Round "5.24"]
[White "Noble, Alexander"]
[Black "Ostermeier, Thorsten"]
[Result "1-0"]
[WhiteElo "2105"]
[BlackElo "1923"]
[PlyCount "125"]
[EventDate "2007.??.??"]

1. e4 c5 2. Nc3 Nc6 3. f4 g6 4. Nf3 Bg7 5. Bc4 e6 6. f5 Nge7 7. fxe6 fxe6 8.
O-O O-O 9. Ng5 a6 10. a4 h6 11. Rxf8+ Qxf8 12. Nf3 Nd4 13. d3 b6 14. Be3 Nxf3+
15. Qxf3 Bb7 16. Qh3 Kh7 17. Rf1 Qe8 18. Bg5 Nc6 19. Nd1 Ne5 20. Ne3 Bc6 21.
Bb3 Nf7 22. Bf6 b5 23. axb5 axb5 24. Ng4 d5 25. exd5 exd5 26. Bxg7 Kxg7 27. Nf6
Qe5 28. c3 Ng5 29. Qxh6+ Kxh6 30. Ng4+ Kg7 31. Nxe5 c4 32. Bc2 Be8 33. h4 Ne6
34. d4 Ra2 35. Rb1 b4 36. Bd1 Ba4 37. Bg4 Nc7 38. Rf1 Rxb2 39. Rf7+ Kh6 40.
cxb4 Ne8 41. Ra7 Rxb4 42. Nf7+ Kg7 43. Ng5+ Kf8 44. Rf7+ Kg8 45. Be6 Ng7 46.
Bxd5 Rb5 47. Bxc4 Rb4 48. Rc7+ Kh8 49. d5 Nf5 50. d6 Bd7 51. Nf7+ Kg7 52. Rxd7
Kf6 53. Rc7 Rxc4 54. d7 Rxc7 55. d8=Q+ Re7 56. Nd6 Nxh4 57. Nc8 Nf5 58. Nxe7
Nxe7 59. Kf2 Ke6 60. Kf3 Nf5 61. Kf4 Ne7 62. Kg5 Kf7 63. Qxe7+ 1-0

[Event "Frankfurt Ch 2007"]
[Site "Ffm-Kalbach, LAZ"]
[Date "2007.06.04"]
[Round "5.25"]
[White "Bauer, Timo"]
[Black "Penzel, Nils"]
[Result "0-1"]
[WhiteElo "1708"]
[BlackElo "2002"]
[PlyCount "70"]
[EventDate "2007.??.??"]

1. d4 Nf6 2. Nf3 g6 3. c3 Bg7 4. Qc2 d5 5. Bg5 O-O 6. Nbd2 c5 7. e3 Nc6 8. Rd1
Bg4 9. dxc5 e5 10. Bb5 Qe7 11. Bxc6 bxc6 12. h3 Bf5 13. e4 dxe4 14. Nxe4 Rad8
15. Rxd8 Rxd8 16. Nfd2 Rxd2 17. Qxd2 Bxe4 18. O-O Bd5 19. Rd1 Qf8 20. Qe2 Qxc5
21. Be3 Qe7 22. c4 Be6 23. Bg5 Qc7 24. Qd3 Nd7 25. b3 f6 26. Be3 Bf8 27. Qd2
Kf7 28. Kh1 f5 29. f4 e4 30. Qc3 Nc5 31. Qh8 Nd3 32. Qxh7+ Bg7 33. Bd4 Kf8 34.
Qxg6 Bxd4 35. Qxe6 Nf2+ 0-1

[Event "Frankfurt Ch 2007"]
[Site "Ffm-Kalbach, LAZ"]
[Date "2007.06.04"]
[Round "5.26"]
[White "Göbel, Andreas"]
[Black "Gauf, Wolfgang"]
[Result "1-0"]
[WhiteElo "2063"]
[BlackElo "1808"]
[PlyCount "81"]
[EventDate "2007.??.??"]

1. Nf3 Nf6 2. d4 g6 3. c4 Bg7 4. Nc3 O-O 5. e3 d6 6. Be2 Nbd7 7. O-O c5 8. b3
b6 9. Bb2 Bb7 10. Qc2 a6 11. Rad1 Qc7 12. d5 Rfc8 13. Nh4 Qd8 14. f4 e6 15.
dxe6 fxe6 16. Bf3 Bxf3 17. Nxf3 Qe7 18. Qd3 Ne8 19. Ng5 Ndf6 20. e4 h6 21. Nf3
Rd8 22. Qc2 Ng4 23. Rde1 Bd4+ 24. Nxd4 cxd4 25. Na4 Ne3 26. Rxe3 dxe3 27. Nxb6
Rab8 28. Bd4 Qa7 29. Bxe3 Rxb6 30. Qf2 Rdb8 31. f5 exf5 32. exf5 g5 33. f6 Kf7
34. Qf5 Qb7 35. Qh7+ Ke6 36. f7 Nf6 37. Qf5+ Kxf7 38. Qxf6+ Kg8 39. Bd4 Kh7 40.
Qf5+ Kg8 41. Qg6+ 1-0

[Event "Frankfurt Ch 2007"]
[Site "Ffm-Kalbach, LAZ"]
[Date "2007.06.04"]
[Round "5.27"]
[White "Kohlbruch, Jens"]
[Black "Lemonidis, Christos"]
[Result "1-0"]
[WhiteElo "1880"]
[BlackElo "1803"]
[PlyCount "67"]
[EventDate "2007.??.??"]

1. e4 d6 2. Nc3 g6 3. d4 Bg7 4. Be3 Nh6 5. h3 f6 6. Bc4 e6 7. Qd2 Nf7 8. O-O-O
a6 9. f4 b5 10. Bd3 Nc6 11. Nf3 Na5 12. b3 Qe7 13. d5 e5 14. g4 Bd7 15. f5 g5
16. Ne2 Nb7 17. Ng3 Rg8 18. c4 bxc4 19. Bxc4 Bb5 20. Qb4 c6 21. dxc6 Bxc6 22.
Rh2 Qc7 23. Rc2 Nbd8 24. Bd5 Rc8 25. Kb1 a5 26. Qc4 Qb7 27. Bxf7+ Nxf7 28. Qe6+
Kf8 29. Rdc1 Bxe4 30. Nxe4 Rxc2 31. Rxc2 Qxe4 32. Nd2 Qd3 33. Qc8+ Ke7 34. Qxg8
{ZÜ} 1-0

[Event "Frankfurt Ch 2007"]
[Site "Ffm-Kalbach, LAZ"]
[Date "2007.06.04"]
[Round "5.28"]
[White "Goldt, Rainer"]
[Black "Enders, Georg"]
[Result "1/2-1/2"]
[WhiteElo "1876"]
[BlackElo "2042"]
[PlyCount "79"]
[EventDate "2007.??.??"]

1. e4 e5 2. Bc4 Nf6 3. Nf3 Bc5 4. d4 exd4 5. O-O d6 6. Nxd4 Bg4 7. f3 Be6 8.
Bxe6 fxe6 9. Kh1 Qe7 10. Nc3 a6 11. Nb3 Ba7 12. Qe2 Nc6 13. Be3 Bxe3 14. Qxe3
O-O 15. Rae1 Rf7 16. f4 Raf8 17. Qh3 Nd7 18. g3 Rf6 19. Qh4 Qf7 20. Qg4 Rh6 21.
e5 d5 22. Rg1 Rg6 23. Qh5 Qe7 24. Qh3 Rf5 25. Nxd5 Qf7 26. Ne3 Rh6 27. Qg4 Rfh5
28. h4 Qe7 29. Ng2 Nb4 30. Re2 Nd5 31. c4 N5b6 32. Nd2 Rf5 33. Rd1 Qc5 34. b3
Qd4 35. Re4 Qd3 36. Re3 Qc2 37. Ree1 Qxa2 38. Ne3 Rf8 39. Qe2 Qa3 40. Ra1
1/2-1/2